[Event "GER-ch U10"]
[Site "Willingen"]
[Date "2009.06.06"]
[Round "11"]
[White "Doepper, Anna Berenice"]
[Black "Puls, Olivia"]
[Result "1/2-1/2"]
[WhiteElo "919"]
[BlackElo "822"]
[PlyCount "29"]
[EventDate "2009.05.30"]
[EventType "swiss"]
[EventRounds "11"]
[EventCountry "GER"]
[SourceTitle "EXT 2010"]
[Source "ChessBase"]
[SourceDate "2010.11.25"]
[SourceVersion "1"]
[SourceVersionDate "2010.11.25"]
[SourceQuality "1"]

1. e4 e5 2. d4 exd4 3. Nf3 Nc6 4. c3 d3 5. Bxd3 Nf6 6. e5 Nd5 7. Bc4 Nb6 8. Bb3 Bc5 9. 0-0 0-0 10. Re1 d6 11. exd6 cxd6 12. Qc2 Bg4 13. Ng5 g6 14. h3 Bf5 15. Qd1 1/2-1/2

[Event "GER-ch U10"]
[Site "Willingen"]
[Date "2009.06.02"]
[Round "5"]
[White "Michalowski, Sophia"]
[Black "Puls, Olivia"]
[Result "0-1"]
[WhiteElo "951"]
[BlackElo "822"]
[PlyCount "110"]
[EventDate "2009.05.30"]
[EventType "swiss"]
[EventRounds "11"]
[EventCountry "GER"]
[SourceTitle "EXT 2010"]
[Source "ChessBase"]
[SourceDate "2010.11.25"]
[SourceVersion "1"]
[SourceVersionDate "2010.11.25"]
[SourceQuality "1"]

1. d4 d5 2. c4 e6 3. Nc3 Nf6 4. Bg5 Be7 5. e3 Nbd7 6. Nf3 b6 7. Bd3 0-0 8. Bc2 Bb7 9. Qd3 c5 10. Bxf6 Nxf6 11. Ng5 g6 12. e4 Ba6 13. e5 Bxc4 14. Qh3 Nh5 15. b3 Bb5 16. Nxb5 Bxg5 17. 0-0 Nf4 18. Qf3 c4 19. Nc3 b5 20. Nxb5 cxb3 21. axb3 a6 22. Nc3 Qc7 23. Qg3 Qxc3 24. Qxc3 Ne2+ 25. Kh1 Nxc3 26. Rfe1 Rfc8 27. g3 Ne4 28. Bxe4 dxe4 29. Rxe4 Bd2 30. Rd1 Rc2 31. Re2 Rb2 32. Rexd2 Rxb3 33. d5 exd5 34. Rxd5 a5 35. Ra1 a4 36. Rd2 Rb5 37. Re2 Rba5 38. f4 Kf8 39. g4 a3 40. f5 Ke7 41. Rd2 Rb5 42. f6+ Ke6 43. Rda2 Rb3 44. Re1 Rb2 45. Rxb2 axb2 46. Rb1 Ra1 47. Rxa1 bxa1Q+ 48. Kg2 Qxe5 49. Kh3 Kxf6 50. Kg2 Kg5 51. Kh3 Qe3+ 52. Kg2 Kxg4 53. Kh1 Qe2 54. Kg1 Kf3 55. Kh1 Qf1# 0-1

[Event "GER-ch U10"]
[Site "Willingen"]
[Date "2009.06.01"]
[Round "4"]
[White "Berdin, Victoria"]
[Black "Puls, Olivia"]
[Result "1-0"]
[WhiteElo "1137"]
[BlackElo "822"]
[PlyCount "97"]
[EventDate "2009.05.30"]
[EventType "swiss"]
[EventRounds "11"]
[EventCountry "GER"]
[SourceTitle "EXT 2010"]
[Source "ChessBase"]
[SourceDate "2010.11.25"]
[SourceVersion "1"]
[SourceVersionDate "2010.11.25"]
[SourceQuality "1"]

1. e4 e5 2. Nf3 Nc6 3. Bc4 Nf6 4. Nc3 Bb4 5. d3 d5 6. exd5 Nxd5 7. Bd2 Nf4 8. Bxf4 exf4 9. Qe2+ Ne7 10. 0-0 0-0 11. Qe4 Ng6 12. Nd5 Bd6 13. Rfe1 Bg4 14. h3 Bxf3 15. Qxf3 Qg5 16. Qg4 Qxg4 17. hxg4 Nh4 18. Re4 f3 19. g3 Ng2 20. Nf4 Bxf4 21. gxf4 Rfe8 22. Kh2 Kf8 23. Kg3 Re7 24. Kxf3 Nh4+ 25. Kg3 Ng6 26. Rae1 Rae8 27. f5 Ne5 28. f4 Nxc4 29. Rxe7 Rxe7 30. Rxe7 Kxe7 31. dxc4 f6 32. g5 h6 33. Kg4 Kd6 34. gxh6 gxh6 35. Kh5 Kc5 36. Kxh6 Kxc4 37. Kg6 Kd4 38. Kxf6 Ke3 39. Ke7 c5 40. f6 Kd2 41. f7 Kxc2 42. f8Q Kxb2 43. Qc8 b6 44. Qa6 Kc3 45. Qxa7 c4 46. Qxb6 Kd2 47. Qb2+ Kd3 48. Qc1 Kd4 49. f5 1-0

[Event "GER-ch U10"]
[Site "Willingen"]
[Date "2009.06.01"]
[Round "3"]
[White "Puls, Olivia"]
[Black "Schmitt, Marco"]
[Result "1-0"]
[WhiteElo "822"]
[BlackElo "993"]
[PlyCount "55"]
[EventDate "2009.05.30"]
[EventType "swiss"]
[EventRounds "11"]
[EventCountry "GER"]
[SourceTitle "EXT 2010"]
[Source "ChessBase"]
[SourceDate "2010.11.25"]
[SourceVersion "1"]
[SourceVersionDate "2010.11.25"]
[SourceQuality "1"]

1. e4 e5 2. f4 Bc5 3. Nf3 d6 4. d4 exd4 5. Nxd4 Nf6 6. Nc3 b6 7. Bc4 Bb7 8. Qd3 Nc6 9. Nxc6 Bxc6 10. Bd2 0-0 11. 0-0-0 Qe8 12. Rhe1 Bf2 13. Re2 Bc5 14. e5 dxe5 15. fxe5 Ng4 16. Qg3 Qd7 17. e6 Qd4 18. exf7+ Rxf7 19. Bxf7+ Kxf7 20. Qxc7+ Qd7 21. Rf1+ Kg8 22. Qg3 Bb5 23. Nxb5 Qxb5 24. Qxg4 Bf8 25. Ref2 Rd8 26. Qe6+ Kh8 27. Rxf8+ Rxf8 28. Rxf8# 1-0

[Event "GER-ch U10"]
[Site "Willingen"]
[Date "2009.05.31"]
[Round "2"]
[White "Wallat, Jessica"]
[Black "Puls, Olivia"]
[Result "1-0"]
[WhiteElo "1045"]
[BlackElo "822"]
[PlyCount "75"]
[EventDate "2009.05.30"]
[EventType "swiss"]
[EventRounds "11"]
[EventCountry "GER"]
[SourceTitle "EXT 2010"]
[Source "ChessBase"]
[SourceDate "2010.11.25"]
[SourceVersion "1"]
[SourceVersionDate "2010.11.25"]
[SourceQuality "1"]

1. e4 e5 2. Nf3 Nc6 3. Bc4 Nf6 4. d3 Bc5 5. c3 d6 6. h3 d5 7. exd5 Nxd5 8. Qb3 Be6 9. Qxb7 Na5 10. Qb5+ Bd7 11. Qxa5 Bb6 12. Qxd5 Be6 13. Qxd8+ Rxd8 14. Nxe5 Bxc4 15. dxc4 0-0 16. 0-0 Rfe8 17. Bf4 f6 18. Nc6 Rd7 19. Na3 Re4 20. Bg3 Rd3 21. Bh2 Re2 22. Rab1 Rdd2 23. Bg3 f5 24. Rfe1 Rxb2 25. Rxe2 Rxe2 26. Nb5 Rxa2 27. Nxc7 Bxc7 28. Bxc7 a6 29. Ne5 a5 30. Rd1 h6 31. Rd8+ Kh7 32. Rd7 Ra1+ 33. Kh2 a4 34. Bd8 Rb1 35. Bf6 Kg8 36. Rxg7+ Kf8 37. Rh7 Kg8 38. Rh8# 1-0